000 00238nam a22000857a 4500
008 161026b xxu||||| |||| 00| 0 eng d
100 _9964
_aParti.N.M.etal.
245 _aExploring Mathematics-6th
260 _aNew Delhi
_bRachna Publications
_c2009
999 _c3623
_d3623